[Event "Bad Woerishofen op"]
[Site "?"]
[Date "2000.??.??"]
[Round "8"]
[White "Weber, Ludwig"]
[Black "Fleck, Ronald"]
[Result "0-1"]
[WhiteElo "1400"]
[BlackElo "1733"]
[PlyCount "114"]
[EventDate "2000.??.??"]

1. e4 c6 2. c3 d5 3. e5 Bf5 4. d3 e6 5. f4 Nd7 6. Nd2 Bc5 7. d4 Bb6 8. Be2 c5
9. Ngf3 Qc7 10. Nf1 cxd4 11. cxd4 Bc2 12. Qd2 Ne7 13. Ng3 Bg6 14. O-O Rc8 15.
b3 O-O 16. Qb2 Nf5 17. Nxf5 Bxf5 18. Be3 Qc2 19. Qxc2 Rxc2 20. Bb5 Nb8 21. Rfc1
Rfc8 22. Bf1 Be4 23. Ne1 Rxc1 24. Rxc1 Rxc1 25. Bxc1 Bxd4+ 26. Kh1 Nc6 27. Bd3
Bxd3 28. Nxd3 Kf8 29. g3 Ke8 30. Kg2 b6 31. Kf3 Bc3 32. Kg4 Nb4 33. Nxb4 Bxb4
34. Kf3 Kd7 35. Ke2 Kc6 36. Kd3 Bc5 37. h3 Kb5 38. g4 Be7 39. Kd4 a5 40. g5 a4
41. Bd2 g6 42. h4 axb3 43. axb3 Bc5+ 44. Kd3 Bf2 45. Ke2 Bxh4 46. Be3 Kb4 47.
Bxb6 Kxb3 48. Be3 Kc4 49. Bd2 Kd4 50. Kf3 Kd3 51. Ba5 Kc4 52. Bd2 d4 53. Ba5
Kd3 54. Bb4 Kc2 55. Ba5 d3 56. Ke3 Bg3 57. Bb4 Bh2 0-1

[Event "Bad Woerishofen op"]
[Site "Bad Woerishofen"]
[Date "2000.??.??"]
[Round "1"]
[White "Wegener, Hans-Karl"]
[Black "Woelk, Peter"]
[Result "1-0"]
[WhiteElo "2115"]
[BlackElo "1549"]
[PlyCount "33"]
[EventDate "1998.03.05"]
[Source "ChessBase"]
[SourceDate "1998.04.29"]

1. e4 c5 2. Nf3 Nc6 3. Bb5 e6 4. O-O Nge7 5. e5 g6 6. d4 cxd4 7. Bg5 Bg7 8. Re1
O-O 9. Nbd2 Qc7 10. Ne4 Nd5 11. Bxc6 dxc6 12. Qxd4 Bd7 13. c4 Nb4 14. Nf6+ Kh8
15. Qh4 h5 16. Nxh5 gxh5 17. Bf6 1-0

[Event "Bad Woerishofen op"]
[Site "?"]
[Date "2000.??.??"]
[Round "3"]
[White "Wegener, Hans-Karl"]
[Black "Schmitt, Karl"]
[Result "1/2-1/2"]
[WhiteElo "2115"]
[BlackElo "1826"]
[PlyCount "42"]
[EventDate "2000.??.??"]

1. e4 c5 2. Nf3 e6 3. Nc3 a6 4. a4 Nc6 5. g3 d5 6. exd5 exd5 7. Qe2+ Be6 8. Bh3
Qd7 9. Bxe6 fxe6 10. Ne5 Nxe5 11. Qxe5 Bd6 12. Qh5+ g6 13. Qe2 O-O-O 14. d3 h5
15. Bg5 Re8 16. O-O Nh6 17. Bf6 Rh7 18. Rae1 Bc7 19. Be5 Bxe5 20. Qxe5 Rhh8 21.
Qf6 Qf7 1/2-1/2

[Event "Bad Woerishofen op"]
[Site "?"]
[Date "2000.??.??"]
[Round "5"]
[White "Wegener, Hans-Karl"]
[Black "Rahls, Peter"]
[Result "0-1"]
[WhiteElo "2115"]
[BlackElo "2265"]
[PlyCount "46"]
[EventDate "2000.??.??"]

1. e4 c5 2. Nf3 e6 3. Nc3 a6 4. Be2 b5 5. a4 b4 6. Na2 Bb7 7. d3 Nc6 8. c3 d5
9. exd5 Qxd5 10. Be3 Nf6 11. Ng5 Be7 12. Bf3 Qd7 13. O-O O-O 14. Ne4 Nxe4 15.
dxe4 Qc7 16. cxb4 cxb4 17. Rc1 Rac8 18. Qb3 Qe5 19. Rxc6 Bxc6 20. Nxb4 Bxe4 21.
Bxe4 Qxe4 22. Nxa6 Ra8 23. f3 Qc6 0-1

[Event "Bad Woerishofen op"]
[Site "?"]
[Date "2000.??.??"]
[Round "7"]
[White "Wegener, Hans-Karl"]
[Black "Wollsdorf, Friedrich"]
[Result "1-0"]
[WhiteElo "2115"]
[BlackElo "1773"]
[PlyCount "97"]
[EventDate "2000.??.??"]

1. e4 c5 2. Nf3 a6 3. g3 Nc6 4. c3 d5 5. exd5 Qxd5 6. Bg2 Qe4+ 7. Qe2 Bf5 8.
Nh4 Qc2 9. Na3 Qd3 10. Nxf5 Qxf5 11. Nc4 O-O-O 12. Bxc6 bxc6 13. Na5 Qd3 14.
Qxd3 Rxd3 15. Nxc6 Rd6 16. Na5 Re6+ 17. Kf1 Nf6 18. Kg2 g6 19. Nb3 Rc6 20. d4
c4 21. Na5 Rc7 22. Bf4 Rd7 23. Be5 Bg7 24. Nxc4 Kb7 25. Na5+ Kb6 26. Nb3 Ne8
27. Nc5 Rd5 28. Bxg7 Nxg7 29. Rhe1 e6 30. a4 a5 31. Ra3 Kc6 32. Rb3 Ra8 33. Rb5
Rdd8 34. Nb3 Rd5 35. Rxd5 exd5 36. Re7 Nf5 37. Rxf7 Nd6 38. Rxh7 Nc4 39. Rg7
Nxb2 40. Rxg6+ Kc7 41. Nc5 Nd1 42. Rg7+ Kc6 43. Rg6+ Kc7 44. h4 Nxc3 45. Re6
Nd1 46. h5 Rf8 47. f4 Nb2 48. Re2 Nc4 49. Ne6+ 1-0

[Event "Bad Woerishofen op"]
[Site "Bad Woerishofen"]
[Date "2000.??.??"]
[Round "1"]
[White "Weiland, Guenter"]
[Black "Bischoff, Klaus"]
[Result "0-1"]
[WhiteElo "2093"]
[BlackElo "2544"]
[PlyCount "54"]
[EventDate "1998.03.05"]
[Source "ChessBase"]
[SourceDate "1998.04.29"]

1. Nf3 e6 2. g3 Nf6 3. Bg2 Be7 4. d4 d5 5. O-O b5 6. a4 b4 7. c4 bxc3 8. bxc3
O-O 9. Nbd2 Nbd7 10. Qc2 Ba6 11. Re1 c5 12. Ne5 Rc8 13. Nxd7 Qxd7 14. dxc5 Bxc5
15. Ba3 Qe7 16. Qc1 Rc7 17. Bf3 Rfc8 18. Qb2 Rb7 19. Qc1 Nd7 20. e4 Bxa3 21.
Qxa3 Qxa3 22. Rxa3 Rb2 23. Nf1 Ne5 24. Bg2 Nd3 25. Re3 dxe4 26. Rxe4 Rxf2 27.
Re3 Rb2 0-1

[Event "Bad Woerishofen op"]
[Site "?"]
[Date "2000.??.??"]
[Round "3"]
[White "Weiland, Guenter"]
[Black "Schlindwein, Rolf"]
[Result "0-1"]
[WhiteElo "2093"]
[BlackElo "2447"]
[PlyCount "60"]
[EventDate "2000.??.??"]

1. Nf3 Na6 2. g3 Rb8 3. c4 c5 4. Nc3 Nf6 5. Bg2 g6 6. O-O Bg7 7. d3 O-O 8. Rb1
d6 9. a3 Nc7 10. Bd2 Bg4 11. b4 Nd7 12. h3 Bxf3 13. Bxf3 Ne6 14. bxc5 Ndxc5 15.
Ne4 Nd4 16. Bg2 Qd7 17. Nxc5 dxc5 18. a4 h5 19. h4 b6 20. Be3 Nf5 21. Bh3 Rfd8
22. Bd2 Qd4 23. Bxf5 gxf5 24. Kg2 Rd6 25. f4 Rg6 26. Rf3 Bf6 27. Qc2 Kh7 28. e4
Rbg8 29. Rh1 Rg4 30. Be3 Rxg3+ 0-1

[Event "Bad Woerishofen op"]
[Site "?"]
[Date "2000.??.??"]
[Round "5"]
[White "Weiland, Guenter"]
[Black "Reichwald, Klaus-Dieter"]
[Result "1-0"]
[WhiteElo "2093"]
[BlackElo "1746"]
[PlyCount "84"]
[EventDate "2000.??.??"]

1. Nf3 Nf6 2. c4 g6 3. b4 Bg7 4. Bb2 O-O 5. e3 d6 6. Be2 e5 7. d3 Nc6 8. b5 Ne7
9. Nbd2 Ng4 10. h3 Nh6 11. Qb3 f6 12. a4 Be6 13. Qc2 b6 14. O-O Nf7 15. a5 f5
16. axb6 cxb6 17. Ra4 Qd7 18. Rfa1 Rfc8 19. Qd1 d5 20. R1a2 Rc7 21. Qa1 dxc4
22. dxc4 g5 23. Nxe5 Qxd2 24. Nxf7 Bxb2 25. Rxb2 Qc3 26. Nxg5 Bxc4 27. Bxc4+
Rxc4 28. Rxc4 Qxc4 29. Qa2 Qxa2 30. Rxa2 Nd5 31. Ne6 Kf7 32. Nd4 Kf6 33. Nc6
Nc7 34. Rxa7 Rxa7 35. Nxa7 Ke6 36. Nc8 Nxb5 37. Nxb6 Nc7 38. Na4 Kf6 39. Nc5
Ne8 40. Nd3 Nd6 41. f3 Kg5 42. g3 h5 1-0

[Event "Bad Woerishofen op"]
[Site "?"]
[Date "2000.??.??"]
[Round "7"]
[White "Weiland, Guenter"]
[Black "Dintheer, Willi"]
[Result "0-1"]
[WhiteElo "2093"]
[BlackElo "1800"]
[PlyCount "78"]
[EventDate "2000.??.??"]

1. Nf3 c5 2. c4 d6 3. g3 g6 4. Bg2 Bg7 5. Nc3 Nc6 6. a3 Nf6 7. Rb1 O-O 8. O-O
Bf5 9. d3 Qd7 10. Re1 b6 11. b4 Rae8 12. b5 Nd8 13. a4 Bh3 14. Bh1 h6 15. Bd2
e5 16. Qc1 Ng4 17. Nd5 Kh7 18. a5 bxa5 19. Bxa5 f5 20. Bxd8 Rxd8 21. e4 Nf6 22.
Bg2 fxe4 23. dxe4 Nxd5 24. cxd5 Bxg2 25. Kxg2 Rb8 26. Qc4 Bf6 27. Re3 Bd8 28.
h3 Ba5 29. Ra3 Bb4 30. Ra6 Rf7 31. Rc6 Rbf8 32. Qe2 Rxf3 33. Qxf3 Rxf3 34. Kxf3
Ba5 35. Kg2 h5 36. f4 exf4 37. gxf4 Qe7 38. Kf3 Qh4 39. Rh1 Bd2 0-1

[Event "Bad Woerishofen op"]
[Site "?"]
[Date "2000.??.??"]
[Round "2"]
[White "Weiss, Hans"]
[Black "Kunz, Konstantin"]
[Result "0-1"]
[WhiteElo "1810"]
[BlackElo "2260"]
[PlyCount "30"]
[EventDate "2000.??.??"]

1. c4 c5 2. Nc3 b6 3. Nf3 Bb7 4. g3 Nf6 5. Bg2 e6 6. O-O Be7 7. d4 cxd4 8. Nxd4
Bxg2 9. Kxg2 Qc7 10. Qd3 a6 11. e4 d6 12. f3 Nbd7 13. Bd2 Ne5 14. Qe2 Qxc4 15.
b3 Qxd4 0-1

[Event "Bad Woerishofen op"]
[Site "?"]
[Date "2000.??.??"]
[Round "4"]
[White "Weiss, Hans"]
[Black "Rothenhagen, Siegfried"]
[Result "1-0"]
[WhiteElo "1810"]
[BlackElo "1671"]
[PlyCount "76"]
[EventDate "2000.??.??"]

1. c4 Nf6 2. Nc3 b6 3. d4 e5 4. dxe5 Ng4 5. Nf3 Nc6 6. Bf4 Bb4 7. Rc1 Qe7 8. a3
Bxc3+ 9. Rxc3 Ngxe5 10. Nxe5 Nxe5 11. Bxe5 d6 12. Bxg7 Rg8 13. Re3 Qxe3 14.
fxe3 Rxg7 15. Qd4 Kf8 16. g3 Bb7 17. e4 Re8 18. Bg2 Re5 19. O-O Bc8 20. b4 Be6
21. c5 bxc5 22. bxc5 Rxc5 23. Rb1 Rg6 24. Qh8+ Ke7 25. Rb8 Rc1+ 26. Kf2 Bg4 27.
e5 dxe5 28. Qxe5+ Be6 29. Rb7 Rf6+ 30. Bf3 Rf5 31. Rxc7+ Rxc7 32. Qxc7+ Kf6 33.
Qxa7 h5 34. a4 h4 35. a5 Kg5 36. Qe3+ Kf6 37. a6 hxg3+ 38. hxg3 Bc4 1-0

[Event "Bad Woerishofen op"]
[Site "?"]
[Date "2000.??.??"]
[Round "6"]
[White "Weiss, Hans"]
[Black "Vossenkuhl, Joachim"]
[Result "0-1"]
[WhiteElo "1810"]
[BlackElo "2176"]
[PlyCount "72"]
[EventDate "2000.??.??"]

1. c4 Nf6 2. Nf3 g6 3. Nc3 Bg7 4. d4 d5 5. cxd5 Nxd5 6. e4 Nxc3 7. bxc3 c5 8.
Be3 O-O 9. h3 Nc6 10. Rc1 cxd4 11. cxd4 Qa5+ 12. Qd2 Qxd2+ 13. Kxd2 Rd8 14. Rc4
Nxd4 15. Bd3 Nxf3+ 16. gxf3 b6 17. Ra4 Bd7 18. Rb4 Be6 19. Ke2 Bxa2 20. f4 Be6
21. e5 f6 22. f5 Bxf5 23. Bxf5 gxf5 24. Rg1 Kf8 25. Rh4 fxe5 26. Rxh7 Bf6 27.
Bg5 Kg8 28. Rh5 Kf7 29. Bxf6 exf6 30. Rh7+ Ke6 31. Rgg7 a5 32. Rb7 Rd6 33. h4
a4 34. h5 a3 35. Ra7 Rdd8 36. Rhb7 Kd5 0-1

[Event "Bad Woerishofen op"]
[Site "?"]
[Date "2000.??.??"]
[Round "8"]
[White "Weiss, Hans"]
[Black "Wilhelm, Andreas"]
[Result "1-0"]
[WhiteElo "1810"]
[BlackElo "1379"]
[PlyCount "83"]
[EventDate "2000.??.??"]

1. c4 Nf6 2. Nc3 g6 3. e4 d6 4. d4 Bg7 5. f3 O-O 6. Be3 e5 7. d5 Nh5 8. g4 Nf4
9. Nge2 g5 10. Qd2 a6 11. Ng3 f6 12. Nf5 Nd7 13. h4 Rf7 14. Qh2 Nf8 15. hxg5
fxg5 16. O-O-O b5 17. c5 b4 18. Ne2 a5 19. Neg3 a4 20. c6 a3 21. b3 Qf6 22.
Nxg7 Rxg7 23. Nf5 Rg6 24. Rd2 Kf7 25. Qg3 Ra5 26. Bc4 Ba6 27. Bxa6 Rxa6 28. Kc2
h6 29. Qe1 N8e6 30. Qa1 Ng7 31. Rdh2 h5 32. Bxf4 gxf4 33. Nxg7 Qxg7 34. Rxh5
Kg8 35. Qe1 Rb6 36. Qh4 Qf6 37. Rh8+ Kf7 38. Rc8 Qxh4 39. Rxh4 Rg7 40. Rxc7+
Kg6 41. Rxg7+ Kxg7 42. c7 1-0

[Event "Bad Woerishofen op"]
[Site "?"]
[Date "2000.??.??"]
[Round "2"]
[White "Wenz, Franz"]
[Black "Lechner, Otto"]
[Result "0-1"]
[WhiteElo "1320"]
[BlackElo "1820"]
[PlyCount "136"]
[EventDate "2000.??.??"]

1. e4 d6 2. d4 Nf6 3. Nc3 g6 4. Be2 Bg7 5. Nf3 O-O 6. O-O Nbd7 7. Be3 c6 8. h3
Qc7 9. Rb1 a6 10. Bd3 e5 11. dxe5 dxe5 12. Nd2 b5 13. a3 Bb7 14. Kh1 Rad8 15.
b4 Rfe8 16. Nb3 Bf8 17. Qc1 c5 18. bxc5 Nxc5 19. Nxc5 Bxc5 20. Bxc5 Qxc5 21.
Ne2 Nxe4 22. Bxe4 Bxe4 23. Ng3 Qxc2 24. Qe3 Bb7 25. Rbc1 Qd3 26. Qb6 Rb8 27.
Qa5 Qd5 28. f3 f5 29. Rcd1 Qe6 30. Qb4 Red8 31. Rde1 Rd5 32. Qb2 Qd6 33. Rc1
Rc8 34. Rxc8+ Bxc8 35. Qb3 Be6 36. Qc2 Qc5 37. Qb2 Rd4 38. Re1 Bc4 39. Ne2 Bxe2
40. Qxe2 Rd5 41. Qb2 Qd6 42. Qb3 Kf8 43. Rc1 Ke7 44. Re1 h5 45. Qe3 Kf6 46. h4
f4 47. Qc1 Qc5 48. Qb2 Qd4 49. Qb1 Qf2 50. Qe4 Qd4 51. Qb1 a5 52. Rc1 b4 53.
axb4 axb4 54. Rc6+ Rd6 55. Rxd6+ Qxd6 56. Qc2 Ke7 57. Kh2 Kd7 58. Qa4+ Kc7 59.
Qb5 Qd4 60. Qa5+ Kc6 61. Qa6+ Qb6 62. Qc4+ Kd6 63. Qd3+ Kc5 64. Qb3 Qd6 65. Kh3
Kb5 66. Kh2 e4 67. fxe4 f3+ 68. g3 Qd2+ 0-1

[Event "Bad Woerishofen op"]
[Site "?"]
[Date "2000.??.??"]
[Round "4"]
[White "Wenz, Franz"]
[Black "Taschner, Peter"]
[Result "0-1"]
[WhiteElo "1320"]
[BlackElo "2019"]
[PlyCount "104"]
[EventDate "2000.??.??"]

1. e4 d5 2. exd5 Qxd5 3. d3 Nc6 4. Qf3 Qe6+ 5. Be3 Nd4 6. Qd1 Nf5 7. Qd2 Nf6 8.
Be2 Nxe3 9. Qxe3 Nd5 10. Qxe6 Bxe6 11. c3 Nf4 12. g3 Nxe2 13. Nxe2 O-O-O 14. d4
Bd5 15. O-O Bf3 16. Re1 g5 17. Nd2 Bc6 18. c4 e6 19. Nb3 Bg7 20. Rad1 h5 21.
Rd3 Bh6 22. Nc3 g4 23. a4 Bf3 24. Ne4 e5 25. d5 f5 26. Ned2 e4 27. Rc3 h4 28.
Nxf3 gxf3 29. Rc2 hxg3 30. fxg3 e3 31. Kh1 f2 32. Rf1 f4 33. Kg2 fxg3 34. hxg3
Rhg8 35. Kf3 Rdf8+ 36. Ke2 Rxg3 37. Nd4 Rf6 38. b4 Rg1 39. Rcc1 Rxf1 40. Rxf1
Rf7 41. Nc2 Kd7 42. Nxe3 Re7 43. Rxf2 Bxe3 44. Rf3 Bc5+ 45. Kd3 Bxb4 46. Rf4
Bc5 47. Rf3 b6 48. Kd2 Kd6 49. Rf6+ Ke5 50. Rg6 Kd4 51. Rg4+ Re4 52. Rg7 Bd6
0-1

[Event "Bad Woerishofen op"]
[Site "?"]
[Date "2000.??.??"]
[Round "6"]
[White "Wenz, Franz"]
[Black "Lecheler, Rudolf"]
[Result "0-1"]
[WhiteElo "1320"]
[BlackElo "1721"]
[PlyCount "148"]
[EventDate "2000.??.??"]

1. e4 e6 2. d4 d5 3. exd5 exd5 4. c3 Bd6 5. Be2 c6 6. Nf3 Ne7 7. Be3 O-O 8. Bd3
Bf5 9. O-O Nd7 10. Nh4 Bxd3 11. Qxd3 Qc7 12. f4 Rfe8 13. g3 Nf6 14. Nd2 Ng6 15.
Nxg6 hxg6 16. Nf3 Qd7 17. Kg2 Rad8 18. Rae1 Ne4 19. c4 f6 20. c5 Bb8 21. Re2
Kf7 22. Kh1 Rh8 23. Rg2 Qf5 24. Qe2 Qh3 25. Bf2 Rde8 26. Qc2 Rh6 27. Kg1 Reh8
28. Be1 Qg4 29. Qe2 Qe6 30. Qc2 Ke7 31. Qe2 Kd7 32. Qc2 Kc8 33. a4 Qd7 34. b4
a6 35. a5 Bc7 36. Qc1 Bd8 37. Qc2 Re8 38. Qc1 Qg4 39. Qc2 Qd7 40. Qc1 Qg4 41.
Qc2 Rhh8 42. Qd3 Qf5 43. Qd1 g5 44. fxg5 Nxg5 45. Nh4 Qe4 46. Nf5 Nh3+ 47. Kh1
Bc7 48. Qd2 Rhg8 49. Nh4 Re6 50. Nf3 Rge8 51. Qd1 Qe3 52. Rd2 Qe4 53. Kg2 Qh7
54. Nh4 Ng5 55. Qg4 Qe4+ 56. Qxe4 dxe4 57. Nf5 Rg8 58. Bf2 g6 59. Ne3 f5 60.
Bg1 Nf3 61. Rdd1 Rd8 62. d5 cxd5 63. Nxd5 Be5 64. Nb6+ Kc7 65. Rxd8 Kxd8 66.
Rd1+ Kc7 67. Rd7+ Kc6 68. Rf7 Nxg1 69. Kxg1 Bc3 70. Na8 e3 71. Rc7+ Kd5 72.
Nb6+ Ke4 73. Kf1 Kf3 74. Nd5 e2+ 0-1

[Event "Bad Woerishofen op"]
[Site "?"]
[Date "2000.??.??"]
[Round "7"]
[White "Wenz, Franz"]
[Black "Sanna, Giuseppe"]
[Result "0-1"]
[WhiteElo "1320"]
[BlackElo "1615"]
[PlyCount "85"]
[EventDate "2000.??.??"]

1. e4 e5 2. c4 Nf6 3. d3 Nc6 4. Nf3 Be7 5. Be2 d6 6. h3 O-O 7. Be3 h6 8. Nc3
Re8 9. O-O Bf8 10. Qd2 Be6 11. Rab1 a6 12. b3 Kh8 13. Rfe1 Ng8 14. d4 Bd7 15.
d5 Nce7 16. Kh2 f5 17. exf5 Nxf5 18. Ne4 Nxe3 19. Qxe3 Nf6 20. Nfd2 Be7 21.
Rbc1 Nxe4 22. Nxe4 Rf8 23. Rc3 Bf5 24. Kg1 Qd7 25. Rf1 Rae8 26. Bh5 Rd8 27. f4
exf4 28. Rxf4 Bxe4 29. Rxe4 Bf6 30. Rc2 Be5 31. Rf2 c6 32. Bg4 Qe7 33. Be6 c5
34. Rxf8+ Rxf8 35. Kh1 Rf1+ 36. Qg1 Rxg1+ 37. Kxg1 Qf6 38. Re1 Qf4 39. Bc8 Qh2+
40. Kf1 Qh1+ 41. Kf2 Bg3+ 42. Kxg3 Qxe1+ 43. Kg4 0-1

[Event "Bad Woerishofen op"]
[Site "?"]
[Date "2000.??.??"]
[Round "2"]
[White "Wiesbeck, Florian"]
[Black "Wissinger, Peter"]
[Result "0-1"]
[WhiteElo "1758"]
[BlackElo "2060"]
[PlyCount "46"]
[EventDate "2000.??.??"]

1. d4 Nf6 2. c4 g6 3. Nc3 Bg7 4. e4 d6 5. Nf3 O-O 6. Be2 Nbd7 7. O-O c6 8. Bg5
Qc7 9. Qd2 Re8 10. Rfe1 e5 11. Bf1 a6 12. Rac1 Nf8 13. dxe5 dxe5 14. Na4 Bg4
15. Qc3 Ne6 16. Bd2 Rad8 17. Rcd1 Nd4 18. c5 Qe7 19. b4 Bxf3 20. gxf3 Nh5 21.
Bg2 Qh4 22. Be3 Nf4 23. Bxd4 Qg5 0-1

[Event "Bad Woerishofen op"]
[Site "?"]
[Date "2000.??.??"]
[Round "4"]
[White "Wiesbeck, Florian"]
[Black "Dittler, Volkfried"]
[Result "1/2-1/2"]
[WhiteElo "1758"]
[BlackElo "1654"]
[PlyCount "126"]
[EventDate "2000.??.??"]

1. d4 Nf6 2. c4 e6 3. Nf3 b6 4. a3 Bb7 5. e3 c5 6. Be2 Be7 7. O-O d6 8. Nc3
Nbd7 9. Qc2 O-O 10. Ng5 d5 11. cxd5 exd5 12. Re1 h6 13. Nf3 Rc8 14. Nd2 cxd4
15. exd4 Ne4 16. Ndxe4 dxe4 17. Qb3 Nf6 18. Be3 Kh8 19. Rad1 Nd5 20. Nxe4 Nxe3
21. Qxe3 Re8 22. Bb5 Bg5 23. Qd3 Re6 24. Nc3 Qe7 25. Rxe6 Qxe6 26. Qe2 Qg6 27.
Bd3 f5 28. d5 Rd8 29. Qe6 Qh5 30. Qxf5 g6 31. Qxg6 Qxg6 32. Bxg6 Bf6 33. Be4
Be5 34. g3 Ba6 35. Rd2 Bd6 36. Kg2 Re8 37. f3 Rc8 38. Ne2 Kg7 39. Nd4 Kf6 40.
Nf5 Bf8 41. Nd4 Rc1 42. Nc6 Bf1+ 43. Kf2 Bc5+ 44. Rd4 Bb5 45. b4 Bxd4+ 46. Nxd4
Bd7 47. Nc6 a6 48. a4 h5 49. h4 Ra1 50. a5 bxa5 51. Nxa5 Bb5 52. Ke3 Ke7 53.
Kd4 Rg1 54. Bg6 Be8 55. Nc6+ Bxc6 56. dxc6 Rxg3 57. Kc5 Rxg6 58. Kb6 Kd8 59.
Kb7 Rg7+ 60. Kxa6 Kc7 61. b5 Rf7 62. Ka5 Rxf3 63. Kb4 Kb6 1/2-1/2

[Event "Bad Woerishofen op"]
[Site "?"]
[Date "2000.??.??"]
[Round "6"]
[White "Wiesbeck, Florian"]
[Black "Klein, Reinhard"]
[Result "0-1"]
[WhiteElo "1758"]
[BlackElo "1555"]
[PlyCount "96"]
[EventDate "2000.??.??"]

1. d4 Nf6 2. c4 g6 3. Nc3 Bg7 4. e4 O-O 5. Be2 d6 6. Nf3 Nbd7 7. O-O e5 8. Re1
c6 9. d5 Qc7 10. Be3 Ng4 11. Bg5 h6 12. Bc1 a6 13. Nd2 Ngf6 14. Nb3 cxd5 15.
cxd5 Nc5 16. Nxc5 Qxc5 17. Be3 Qc7 18. Rc1 Qe7 19. Qd2 Kh7 20. f3 Ng8 21. Na4
b5 22. Nb6 Rb8 23. Qc3 Qd8 24. Qc7 Qxc7 25. Rxc7 Bf6 26. Rec1 Ne7 27. Ra7 Re8
28. Rcc7 g5 29. b3 h5 30. h3 Kg6 31. a4 g4 32. fxg4 hxg4 33. Nxc8 Nxc8 34. Rxa6
bxa4 35. Bxg4 axb3 36. Ra1 Ne7 37. Rb1 Rb4 38. Bf3 Bg5 39. Kf2 b2 40. Bxg5 Kxg5
41. Ke3 f5 42. exf5 Nxf5+ 43. Kd2 Nd4 44. Bd1 Reb8 45. Kd3 Nb5 46. Rc3 Nxc3 47.
Kxc3 Kh4 48. Bf3 Kg3 0-1

[Event "Bad Woerishofen op"]
[Site "?"]
[Date "2000.??.??"]
[Round "8"]
[White "Wiesbeck, Florian"]
[Black "Mueller, Wolfgang"]
[Result "1-0"]
[WhiteElo "1758"]
[BlackElo "1493"]
[PlyCount "73"]
[EventDate "2000.??.??"]

1. d4 d5 2. c4 c6 3. cxd5 cxd5 4. Nc3 e6 5. a3 Nf6 6. Bg5 Be7 7. Rc1 O-O 8. Nf3
Nc6 9. e3 h6 10. Bh4 a6 11. Bd3 Ne8 12. Bxe7 Qxe7 13. O-O g6 14. b4 b5 15. Nxd5
exd5 16. Rxc6 Bb7 17. Rc5 Nd6 18. Qb3 Nc4 19. Re1 f5 20. Qc3 Rae8 21. a4 Qd7
22. axb5 axb5 23. Ne5 Nxe5 24. dxe5 Rc8 25. Rc1 Rxc5 26. bxc5 Bc6 27. Ra1 f4
28. Qd4 Qg4 29. f3 Qg5 30. e4 dxe4 31. Bxe4 Rd8 32. Qb4 Qxe5 33. Re1 Bxe4 34.
Rxe4 Qa1+ 35. Re1 Rd1 36. Qb3+ Kf8 37. Qxd1 1-0

[Event "Bad Woerishofen op"]
[Site "?"]
[Date "2000.??.??"]
[Round "2"]
[White "Wiesend, Bruno"]
[Black "Neumann, Peter"]
[Result "1-0"]
[WhiteElo "2177"]
[BlackElo "1748"]
[PlyCount "93"]
[EventDate "2000.??.??"]

1. e4 c6 2. d4 d5 3. Nc3 dxe4 4. Nxe4 Bf5 5. Ng3 Bg6 6. Nf3 Nd7 7. Bd3 Bxd3 8.
Qxd3 e6 9. O-O Ngf6 10. Be3 Bd6 11. c4 O-O 12. Rfd1 Qc7 13. Rac1 Bf4 14. Qb3
Bxe3 15. Qxe3 Rfe8 16. h3 Rad8 17. b4 Nb6 18. Ne5 Nbd7 19. f4 a5 20. a3 axb4
21. axb4 Ra8 22. Qc3 Ra7 23. Ra1 Rea8 24. Rxa7 Rxa7 25. Ra1 b6 26. Ra3 Qb7 27.
Qa1 Rxa3 28. Qxa3 h6 29. b5 c5 30. Qa6 Qc7 31. Qa8+ Kh7 32. Qc6 Qa7 33. Nxd7
Nxd7 34. d5 exd5 35. cxd5 Nf6 36. Kh2 Qd7 37. d6 Qd8 38. Ne4 Nxe4 39. Qxe4+ g6
40. Qe7 Qb8 41. Qxf7+ Kh8 42. d7 Qd6 43. Qe8+ Kh7 44. d8=Q Qxf4+ 45. Kg1 Qc1+
46. Kf2 Qf4+ 47. Ke2 1-0

[Event "Bad Woerishofen op"]
[Site "?"]
[Date "2000.??.??"]
[Round "4"]
[White "Wiesend, Bruno"]
[Black "Ruppert, Lothar"]
[Result "1-0"]
[WhiteElo "2177"]
[BlackElo "1919"]
[PlyCount "166"]
[EventDate "2000.??.??"]

1. e4 e5 2. Nf3 Nc6 3. Bc4 Be7 4. d3 Nf6 5. Nc3 d6 6. h3 O-O 7. O-O Na5 8. Bb3
Nxb3 9. axb3 c6 10. Qe2 h6 11. Nh2 Be6 12. f4 exf4 13. Bxf4 Nh7 14. Nf3 Ng5 15.
Kh1 Nxf3 16. Qxf3 Bg5 17. Bh2 Bf6 18. Bg1 c5 19. Rfd1 Qc8 20. d4 b6 21. Qg3 Qb8
22. Be3 cxd4 23. Bxd4 Be5 24. Qe3 Rd8 25. Nb5 Bd7 26. Nc3 Bc6 27. b4 Qc8 28. b5
Bb7 29. Ra4 f5 30. Bxe5 dxe5 31. Rxd8+ Qxd8 32. exf5 Qf6 33. Qd3 Rd8 34. Qc4+
Kh7 35. Qe6 Qg5 36. Rg4 Qh5 37. Kh2 Rd2 38. Qxe5 Qf7 39. Qe6 Qc7+ 40. Kh1 Rxc2
41. Ne2 Bc8 42. Qg6+ Kh8 43. Nf4 Rc1+ 44. Kh2 Qe5 45. f6 Qxf6 46. Qe8+ Kh7 47.
Ng6 Bxg4 48. Nf8+ Qxf8 49. Qxf8 Bh5 50. Qe7 Ra1 51. h4 Bg6 52. Qd7 Ra4 53. Kg3
Rb4 54. Qxa7 Rxb5 55. Qa3 Bc2 56. b4 Rd5 57. Qa6 b5 58. Qc6 Bb3 59. Kf2 Bc4 60.
Ke3 Rd3+ 61. Ke4 Rg3 62. Kf4 Rb3 63. Qd6 Rb2 64. g4 Rf2+ 65. Ke3 Rf6 66. Qc5
Re6+ 67. Kf4 Rf6+ 68. Ke4 Re6+ 69. Kd4 Rf6 70. Qe5 Rf1 71. Kc5 Rg1 72. Qe4+ Kh8
73. Qf5 Rh1 74. g5 Rxh4 75. g6 Rh1 76. Qf8+ Bg8 77. Kxb5 Re1 78. Kc5 Re6 79.
Qf5 Rf6 80. Qd3 Be6 81. Qd8+ Bg8 82. b5 Rxg6 83. b6 Rg1 1-0

[Event "Bad Woerishofen op"]
[Site "?"]
[Date "2000.??.??"]
[Round "6"]
[White "Wiesend, Bruno"]
[Black "Hipp, Hermann"]
[Result "1/2-1/2"]
[WhiteElo "2177"]
[BlackElo "2032"]
[PlyCount "63"]
[EventDate "2000.??.??"]

1. e4 d6 2. d4 Nf6 3. Nc3 g6 4. f3 Bg7 5. Be3 c6 6. Qd2 Qc7 7. O-O-O O-O 8. g4
e5 9. dxe5 dxe5 10. Bc4 b5 11. Bb3 a5 12. a4 b4 13. Nce2 Na6 14. Ng3 Bb7 15.
Nh3 c5 16. Bc4 Rad8 17. Qf2 Rc8 18. Ng5 Ne8 19. Qe2 Nb8 20. h4 Qe7 21. h5 Nf6
22. hxg6 hxg6 23. Qh2 Ba6 24. Bd5 Bb7 25. Nh7 Nxd5 26. Rxd5 Rfd8 27. Rxd8+ Rxd8
28. g5 Nd7 29. Nf6+ Kf8 30. Qh8+ Bxh8 31. Rxh8+ Kg7 32. Rh7+ 1/2-1/2

[Event "Bad Woerishofen op"]
[Site "?"]
[Date "2000.??.??"]
[Round "8"]
[White "Wiesend, Bruno"]
[Black "Duckstein, Torsten"]
[Result "1/2-1/2"]
[WhiteElo "2177"]
[BlackElo "1842"]
[PlyCount "120"]
[EventDate "2000.??.??"]

1. e4 d5 2. exd5 Qxd5 3. Nc3 Qa5 4. d4 c6 5. Nf3 Bf5 6. Bd3 Bxd3 7. Qxd3 Nf6 8.
Bd2 e6 9. O-O Nbd7 10. Rfe1 Be7 11. Ne4 Qc7 12. c4 Nxe4 13. Qxe4 Nf6 14. Qe2
O-O 15. Bc3 Rfe8 16. Rad1 Rad8 17. h3 h6 18. Ne5 Bd6 19. Ng4 Nxg4 20. Qxg4 Bf8
21. Re5 g6 22. Re3 Bg7 23. Qe2 Rd7 24. d5 Bxc3 25. Rxc3 Qd8 26. Qd2 exd5 27.
Rd3 d4 28. Qxh6 c5 29. Rg3 Re6 30. h4 Qf8 31. Qf4 Rde7 32. Rdd3 Re4 33. Qg5
R7e5 34. Qf6 Qg7 35. Qd8+ Re8 36. Qd7 R4e7 37. Qh3 Re1+ 38. Kh2 Qe5 39. Rdf3
Qe6 40. Rg4 Re4 41. Rgg3 Qxh3+ 42. Kxh3 Re2 43. Rg5 R8e5 44. Rxe5 Rxe5 45. Rb3
b6 46. Kg3 Re2 47. Kf3 Rc2 48. Ra3 Rxb2 49. Rxa7 Rb4 50. Rb7 Rxc4 51. Rxb6 Ra4
52. Rc6 c4 53. Ke4 d3 54. Ke3 Kf8 55. g4 Ke7 56. f3 Kf8 57. h5 gxh5 58. gxh5
Kg7 59. a3 f6 60. Kd2 Kh6 1/2-1/2

[Event "Bad Woerishofen op"]
[Site "Bad Woerishofen"]
[Date "2000.??.??"]
[Round "1"]
[White "Wilhelm, Andreas"]
[Black "Schelle, Artur"]
[Result "0-1"]
[WhiteElo "1379"]
[BlackElo "2127"]
[PlyCount "80"]
[EventDate "1998.03.05"]
[Source "ChessBase"]
[SourceDate "1998.04.29"]

1. d4 Nf6 2. c4 g6 3. Nc3 Bg7 4. e4 d6 5. Nf3 O-O 6. Be2 e5 7. O-O Nc6 8. d5
Ne7 9. Ne1 Nd7 10. f3 f5 11. Be3 f4 12. Bf2 g5 13. Nd3 Ng6 14. b4 Nf6 15. c5 h5
16. h3 Rf7 17. a4 Bh6 18. a5 g4 19. hxg4 Bg5 20. Be1 Rg7 21. Nf2 Bh4 22. Ra2
Bg3 23. Nh3 Bxe1 24. Rxe1 hxg4 25. fxg4 Nh4 26. Nf2 Nh5 27. Bf3 Ng3 28. Ne2
Nxf3+ 29. gxf3 Qh4 30. Nxg3 fxg3 31. Nh1 Rh7 32. Nxg3 Qxg3+ 33. Rg2 Qf4 34. Kf2
Bd7 35. Rh1 Rf8 36. Rh5 Rxh5 37. gxh5+ Kh8 38. c6 bxc6 39. dxc6 Bxc6 40. Rg4
Qxg4 0-1